toy story toys voice actors - Statistics

General Stats
  • This quiz has been taken 230 times
  • The average score is 5 of 7
Answer Stats
Hint Answer % Correct
woody tom hanks
99%
buzz tim allen
92%
mr potato head don rickles
58%
ham john ratzenberger
55%
rex wallace shawn
54%
bo peep annie potts
52%
slinky jim varney
46%
No matching quizzes found
Score Distribution
Percent of People with Each Score
Percentile by Number Answered
Your Score History
You have not taken this quiz